| 000 | 00524nam a2200205 a 4500 | ||
|---|---|---|---|
| 001 | 6677 | ||
| 003 | CO-ViMGA | ||
| 008 | 141112s2004 ck r 000 u spa d | ||
| 040 |
_aCO-ViMGA _bspa _cCO-ViMGA |
||
| 082 | 0 | 4 | _a724.9 F534a |
| 100 | 1 |
_aFleig, Karl _95570 |
|
| 245 | 1 | 0 | _aAlvar aalto |
| 250 | _a5a | ||
| 260 |
_aBarcelona : _bGustavo Gili, _c1974 |
||
| 300 | _a261 p : il | ||
| 490 | _aObras y proyectos = works and projects | ||
| 650 | 1 | 4 |
_aAALTO, ALVAR _95571 |
| 650 | 1 | 4 | _aARQUITECTURA MODERNA |
| 942 |
_2ddc _cBK |
||
| 999 |
_c18646 _d18646 |
||